000 00525nam a2200193Ia 4500
005 20250317122856.0
008 008 250317s9999 xx 000 0 eng d
037 _aTextbook
040 _aFMSL
_beng
_cFMSL
041 _aeng
_2eng
084 _aB28 K4
_qFMSL
100 _aCroxton F C
_9739744
245 0 _aAllpied general statistics
250 _a2
260 _aNew Delhi
_bNew Delhi, P H India
_c1964
300 _a843p
942 _cTB
_hB28 K4
999 _c1249004
_d1249004